| 000 | 01073cam a22003015i 4500 | ||
|---|---|---|---|
| 001 | 2504166 | ||
| 003 | EG-ScBUE | ||
| 005 | 20250529085312.0 | ||
| 008 | 920528s2003 enka f b f001 0 eng d | ||
| 020 | _a9780521367103 | ||
| 020 | _a0521367107 (paperback) | ||
| 040 |
_aEG-ScBUE _beng _erda _cEG-ScBUE _dEG-ScBUE |
||
| 082 | 0 | 4 |
_a523.112 _bTAY _222 |
| 100 | 1 |
_aTayler, R. J. _q(Roger John) _938140 _eauthor. |
|
| 245 | 1 | 0 |
_aGalaxies : _bstructure and evolution / _cRoger J. Tayler, professor of astronomy and Director of Astronomy Centre, University of Sussex. |
| 264 | 1 |
_aCambridge : _bCambridge University Press, _c2003. |
|
| 300 |
_axiii, 208 pages : _billustrations ; _c26 cm |
||
| 336 |
_2rdacontent _atext _btxt |
||
| 337 |
_2rdamedia _aunmediated _bn |
||
| 338 |
_2rdacarrier _avolume _bnc |
||
| 500 | _aIncludes Appendices. | ||
| 500 | _aReprint of the 1993 edition. | ||
| 504 | _aIncludes bibliographical references and index. | ||
| 650 | 7 |
_aGalaxies. _2BUEsh |
|
| 650 | 7 |
_aGalaxies _xEvolution. _2BUEsh _97553 |
|
| 655 | _vReading book | ||
| 942 |
_2ddc _cBB |
||
| 999 |
_c19529 _d19501 |
||